000
00491nam a2200169Ia 4500
008
090711s9999 xx 000 0 und d
082
_b
70073
100
_a
बांदोडकर गो. पु.
245
_a
वकील पत्र
260
_c
1992
300
_a
184
600
_a
बांदोडकर गो. पु.
630
_a
वकील पत्र
700
_a
बांदोडकर गो. पु.
730
_a
वकील पत्र
942
_c
BOOK
999
_c
287791
_d
287791